Duarte sueño de un niño / (Registro nro. 7312)
[ vista simple ]
| 000 -LEADER | |
|---|---|
| fixed length control field | 00779nam a2200241 a 4500 |
| 001 - CONTROL NUMBER | |
| control field | 000044292 |
| 003 - CONTROL NUMBER IDENTIFIER | |
| control field | DO-SdBNP |
| 005 - DATE AND TIME OF LATEST TRANSACTION | |
| control field | 20150203121242.0 |
| 007 - PHYSICAL DESCRIPTION FIXED FIELD--GENERAL INFORMATION | |
| fixed length control field | 000044292 |
| 008 - FIXED-LENGTH DATA ELEMENTS--GENERAL INFORMATION | |
| fixed length control field | 140612s2013 dr a 000 0 spa d |
| 040 ## - CATALOGING SOURCE | |
| Original cataloging agency | BPMET |
| Language of cataloging | spa |
| Transcribing agency | BPMET |
| 092 ## - LOCALLY ASSIGNED DEWEY CALL NUMBER (OCLC) | |
| Classification number | xxxx |
| Item number | xxxx |
| 100 1# - MAIN ENTRY--PERSONAL NAME | |
| Personal name | Rodríguez, José Manuel |
| 245 10 - TITLE STATEMENT | |
| Title | Duarte sueño de un niño / |
| Statement of responsibility, etc. | José Manuel Rodríguez, Dorka Almonte ; ilustración Ramiro Manzano. |
| 260 ## - PUBLICATION, DISTRIBUTION, ETC. (IMPRINT) | |
| Place of publication, distribution, etc. | Santo Domingo : |
| Name of publisher, distributor, etc. | Public Express, |
| Date of publication, distribution, etc. | 2013. |
| 300 ## - PHYSICAL DESCRIPTION | |
| Extent | 19 p. : |
| Other physical details | il. ; |
| Dimensions | 28 cm. |
| 700 12 - ADDED ENTRY--PERSONAL NAME | |
| Personal name | Almonte, Dorka |
| 930 #1 - EQUIVALENCE OR CROSS-REFERENCE-UNIFORM TITLE HEADING [LOCAL, CANADA] | |
| Language of a work | BND01 |
| Medium of performance for music | LF1 |
| Field link and sequence number | 20140612 |
| Date of a work | 01 |
| Name of part/section of a work | CT |
| Miscellaneous information | 45190 |
| 930 #1 - EQUIVALENCE OR CROSS-REFERENCE-UNIFORM TITLE HEADING [LOCAL, CANADA] | |
| Language of a work | BND01 |
| Medium of performance for music | LF1 |
| Field link and sequence number | 20140612 |
| Date of a work | 01 |
| Name of part/section of a work | CT |
| Miscellaneous information | 45190 |
| Medium | e. 1 |
| 942 ## - ADDED ENTRY ELEMENTS (KOHA) | |
| Source of classification or shelving scheme | Dewey Decimal Classification |
| Koha item type | Libros |
| 956 ## - LOCAL ELECTRONIC LOCATION AND ACCESS (OCLC) | |
| Host name | DGARCIA |
| Access number | 10 |
| Compression information | 20140612 |
| Logon | BND01 |
| Processor of request | 1324 |
| 956 ## - LOCAL ELECTRONIC LOCATION AND ACCESS (OCLC) | |
| Host name | LOPEREZ |
| Access number | 10 |
| Compression information | 20140617 |
| Logon | BND01 |
| Processor of request | 1515 |
| Withdrawn status | Lost status | Source of classification or shelving scheme | Damaged status | Not for loan | Collection code | Home library | Current library | Date acquired | Total Checkouts | Barcode | Date last seen | Copy number | Price effective from | Koha item type |
|---|---|---|---|---|---|---|---|---|---|---|---|---|---|---|
| Dewey Decimal Classification | Biblioteca Pública Metropolitana Salomé Ureña | Biblioteca Pública Metropolitana Salomé Ureña | 02/03/2015 | BPMET15040986 | 02/03/2015 | 1 ej. | 02/03/2015 | Libros |